Mitología Cristiana

Αποθηκεύτηκε σε:
Λεπτομέρειες βιβλιογραφικής εγγραφής
Κύριος συγγραφέας: Risco, Vicente
Μορφή: Βιβλίο
Γλώσσα:Undetermined
Έκδοση: Madrid, España Editora Nacional 1963
Θέματα:
Ετικέτες: Προσθήκη ετικέτας
Δεν υπάρχουν, Καταχωρήστε ετικέτα πρώτοι!

MARC

LEADER 00000nam a2200000Ia 4500
008 170316s9999 xx 000 0 und d
999 |c 18063  |d 18063 
040 |a cru BVZT 
090 |a 230 R-6m 
100 |a Risco, Vicente 
245 |a Mitología Cristiana  |c / Vicente Risco 
260 |a Madrid, España  |b Editora Nacional  |c 1963 
300 |a 144 páginas 
650 |a TEOLOGÍA 
942 |c 15 D  |h 230 R-6m  |2 z